zpět

Detail výsledku týmu

The Pub Praha 2 PO, Praha

Datum a čas kvízu

40.5 Celkem bodů Celkový počet nahraných bodů na tomto kvízu bez doplňovacích otázek.
1. Pořadí na kvízu Konečné umístění týmu na tomto kvízu.

Zaznamenané odpovědi

# Otázka Odpověď Body Výsledky
1. Minulý týden vydalo české vývo... Kingdom Come (Deliverance II) 1
2. 54letá učitelka Gill Punt z br... A) za ledního medvěda 1
3. Britská kapela, která byla zal... Black Sabbath 1
4. Jedna japonská automobilka ve... Nissan, Honda 0.5
5. 61letý trenér druholigového kl... Pavel Vrba 1
6. Kterým slovem na písmeno K se... kapsid(a) 0
7. Který zvířecí přívlastek získa... prasečí 1
8. Přiřaďte viry k onemocněním, k... 1B 2D 3C 4A 1
9. Viry mají svou genetickou info... U (uracil) 1
10. Pandemie smrtících virů jsou v... May 0